Voetbalteams waar Tim Krul voor speelde - Statistieken

Algemene statistieken
  • Deze quiz is 23 keer genomen
  • De gemiddelde score is 5 van 10
Antwoordstatistieken
Team % Correct
Ajax
70%
Jong Ajax
70%
Norwich City
65%
AZ Alkmaar
60%
Nederland
60%
Luton Town
40%
Newcastle United
40%
Brighton & Hove Albion
15%
Carlisle United
15%
Falkirk
15%
Geen overeenkomende quizzen gevonden
Scoreverdeling
Procent van Mensen met Elke Score
Percentiel versus Aantal Correcte Antwoorden
Uw Scoregeschiedenis
U heeft deze quiz nog niet genomen